00356nam a2200133 4500020001800000082001400018100001700032245004700049260004800096300001000144650001200154650002300166650003300189 a9780854046805 a574.4 ALK aTaylor,Peter aThe Molecular world: Alkenes and Aromatics aCambriggebRoyal Society of Chemistryc2002 a184 p aalkenes aaromatic compounds aindustrial organic chemistry